[Event "GER-ch 83rd"]
[Site "Osterburg"]
[Date "2012.03.03"]
[Round "2"]
[White "Tabatt, Hendrik"]
[Black "Bastian, Herbert"]
[Result "0-1"]
[WhiteElo "2296"]
[BlackElo "2343"]
[EventDate "2012.03.02"]
[PlyCount "156"]

1. d4 Nf6 2. c4 d6 3. Nc3 g6 4. e4 Bg7 5. h3 O-O 6. Be3 e5 7. d5 Na6 8. Bd3 Nc5 9. Bc2 a5 10. Nge2 Bd7 11. g4 c6 12. dxc6 Bxc6 13. f3 Ne8 14. Qd2 a4 15. O-O Qb6 16. Rab1 Qb4 17. Nd5 Qxd2 18. Bxd2 Nf6 19. Ne7+ Kh8 20. Rfd1 Rfb8 21. Bg5 Ne8 22. Nc3 Bd7 23. Be3 Be6 24. Ned5 Ra5 25. Nb6 Bf6 26. Bxc5 Rxc5 27. Ncxa4 Rc6 28. Bd3 Bd8 29. Nd5 Ng7 30. Nac3 f5 31. b3 h5 32. Ne3 Bb6 33. Kf2 f4 34. Ncd5 fxe3+ 35. Ke2 Bxd5 36. exd5 Rc7 37. Bxg6 Rf8 38. Rg1 h4 39. Rg2 Rf4 40. Be4 Ne8 41. g5 Ng7 42. Bg6 Nf5 43. Bxf5 Rxf5 44. Rg4 Kg8 45. Rbg1 Rh7 46. g6 Rh6 47. b4 Kg7 48. a4 Bd4 49. a5 Rf8 50. c5 dxc5 51. bxc5 Bxc5 52. Rb1 Rb8 53. Rc4 Bd4 54. Rc7+ Kxg6 55. a6 Kf5 56. axb7 Rb6 57. Rxb6 Bxb6 58. Rf7+ Kg6 59. Rd7 Ba7 60. Rc7 Kf6 61. Rh7 Re8 62. Rh6+ Ke7 63. Ra6 Bb8 64. Re6+ Kd7 65. Rc6 Bc7 66. Rh6 Rb8 67. Kxe3 Rxb7 68. Rxh4 Rb3+ 69. Ke2 Kd6 70. Rc4 Bb6 71. Re4 Kxd5 72. h4 Rb2+ 73. Kd1 Rf2 74. Rb4 Bd8 75. Rb3 Bxh4 76. Rd3+ Ke6 77. Ra3 Kf5 78. Re3 Bg3 0-1

[Event "GER-ch 83rd"]
[Site "Osterburg"]
[Date "2012.03.06"]
[Round "5"]
[White "Bastian, Herbert"]
[Black "Donchenko, Alexander"]
[Result "0-1"]
[WhiteElo "2343"]
[BlackElo "2309"]
[EventDate "2012.03.02"]
[PlyCount "148"]

1. e4 c5 2. Nc3 Nc6 3. g3 g6 4. Bg2 Bg7 5. d3 d6 6. Be3 Rb8 7. Qd2 b5 8. Nf3 b4 9. Nd1 Nd4 10. O-O Bg4 11. Nh4 Nf6 12. c3 bxc3 13. bxc3 Nc6 14. h3 Bc8 15. f4 Qb6 16. Nf2 Nd7 17. Rac1 Ba6 18. f5 Nde5 19. Bh6 Bf6 20. Nf3 Qb2 21. Rc2 Qb5 22. Nxe5 Nxe5 23. Rd1 Rg8 24. Bf4 g5 25. Be3 h5 26. g4 Kd7 27. Qc1 hxg4 28. hxg4 Ke8 29. d4 Nc4 30. e5 dxe5 31. Ne4 exd4 32. Nxf6+ exf6 33. cxd4 Nxe3 34. Qxe3+ Kf8 35. Rxc5 Qa4 36. Re1 Kg7 37. Bc6 Qb4 38. Qc3 Rgd8 39. Re4 Qb1+ 40. Re1 Qxa2 41. Ra5 Qc4 42. Qxc4 Bxc4 43. d5 a6 44. Kf2 Bb5 45. Re4 Kf8 46. Ra2 Rb6 47. Rc2 Rc8 48. Rb4 Ke7 49. Ke3 Kd6 50. Kd4 Rh8 51. Bxb5 axb5 52. Rc3 Rh4 53. Rg3 Rh1 54. Rd3 Rc1 55. Ke3 Re1+ 56. Kd2 Re5 57. Rbd4 b4 58. Kc2 Rb5 59. Kb3 Rexd5 60. Kc4 Rxd4+ 61. Rxd4+ Kc6 62. Kb3 Rb8 63. Rd1 Rb7 64. Rd4 Kc5 65. Rd8 Re7 66. Rc8+ Kd5 67. Rd8+ Ke4 68. Rd6 Rb7 69. Rc6 Kf3 70. Rc4 Re7 71. Rxb4 Re4 72. Rb6 Kxg4 73. Rxf6 Re7 74. Kc4 Kf4 0-1

[Event "GER-ch 83rd"]
[Site "Osterburg"]
[Date "2012.03.10"]
[Round "9"]
[White "Fridman, Daniel"]
[Black "Jorczik, Julian Marcel"]
[Result "1-0"]
[WhiteElo "2653"]
[BlackElo "2391"]
[EventDate "2012.03.02"]
[PlyCount "89"]

1. d4 Nf6 2. c4 g6 3. g3 Bg7 4. Bg2 O-O 5. Nc3 d6 6. Nf3 Nbd7 7. O-O e5 8. e4 c6 9. h3 Re8 10. Re1 a5 11. b3 Qb6 12. Na4 Qd8 13. dxe5 Nxe5 14. Nxe5 dxe5 15. c5 Be6 16. Nb6 Qxd1 17. Rxd1 Rad8 18. Bd2 Bf8 19. Na4 Ra8 20. Be3 Rad8 21. Bd2 Ra8 22. Rac1 Nd7 23. Be3 Be7 24. Bf1 Rad8 25. Kg2 f6 26. Bd2 Ra8 27. f4 Kf7 28. Bc4 Bxc4 29. Rxc4 Ke6 30. Bxa5 Rxa5 31. f5+ gxf5 32. exf5+ Kxf5 33. Rxd7 Ke6 34. Rxb7 Rd8 35. Rc2 Rd5 36. Rc7 Bxc5 37. Rxc6+ Bd6 38. g4 e4 39. Nc3 Rd4 40. Ne2 Rd1 41. Nc3 Rd4 42. Ne2 Rd1 43. Ng3 Kd5 44. Nf5 Bf4 45. b4 1-0